000 01894nam a2200505 i 4500
001 25933
003 KOSZ 005
005 20201222113326.0
008 201222s1973 pl a f 000 0 pol
015 _aUWD 1974/3063
035 _a991028690299705066
035 _a(PL-WaBN)b17761542-48omnis_nlop
035 _ab17761542
035 _a(OCoLC)749482505
035 _a(PL)b0000001776154
035 _a(EXLNZ-48OMNIS_NETWORK)9910030548505606
040 _aWA N
_cWA N
_dKOSZ 005/RW
046 _k1973
080 _a532
100 1 _aKembłowski, Zdzisław
_d(1932-2003)
_eAutor
245 1 0 _aReometria płynów nienewtonowskich /
_cZdzisław Kembłowski.
260 _aWarszawa :
_bWydawnictwa Naukowo-Techniczne,
_c1973.
300 _a187 [1] stron :
_bilustracje, tabele, wykresy ;
_c25 cm.
336 _aTekst
_btxt
_2rdacontent
337 _aBez urządzenia pośredniczącego
_bn
_2rdamedia
338 _aWolumin
_bnc
_2rdacarrier
380 _aKsiążki
380 _aPublikacje fachowe
388 1 _a1901-2000
388 1 _a1945-1989
490 1 _aInżynieria Chemiczna
504 _aBibliografia przy rozdziałach.
521 8 _aKsiążka przeznaczona jest dla inżynierów i magistrów pracujących w zakładach przemysłu chemicznego, farmaceutycznego, spożywczego, kosmetycznego, celulozowo-papierniczego i poligraficznego oraz dla pracowników biur konstrukcyjnych.
650 7 _aCiecze
_2DBN
650 7 _aReologia
_2DBN
650 7 _aMechanika płynów
655 7 _aOpracowanie
658 _aFizyka i astronomia
658 _aInżynieria i technika
710 2 _aWydawnictwa Naukowo-Techniczne
_4pbl
830 0 _aInżynieria Chemiczna
856 _uhttp://koha.tu.koszalin.pl/cgi-bin/koha/opac-detail.pl?biblionumber=25933
_yKatalog online BPK
942 _2UKD
_cKS
999 _c25933
_d25933